| 000 | 01210nam a22002417a 4500 | ||
|---|---|---|---|
| 003 | NALT | ||
| 005 | 20240724233225.0 | ||
| 008 | s2547 th tha d | ||
| 040 | _aNALT | ||
| 041 | _atha | ||
| 050 |
_aZ699.5.L28 _bอ539ค 2547 |
||
| 100 | 0 | _aอัทธ์ พิศาลวานิช | |
| 245 | 1 | 0 |
_aโครงการจัดทำระบบสารสนเทศทางที่ดินและทรัพยากรดินเพื่อการบริหารจัดการ / _cอัทธ์ พิศาลวานิช. |
| 260 | 3 |
_aกรุงเทพฯ : _bสำนักงานกองทุนสนับสนุนการวิจัย, _c2547 |
|
| 300 |
_a1 เล่ม : _bตาราง ; _c29 ซม. |
||
| 650 | 0 | 4 | _aระบบสารสนเทศทางที่ดิน -- วิจัย |
| 650 | 0 | 4 | _aที่ดิน -- ระบบสารสนเทศ -- วิจัย |
| 650 | 0 | 4 | _aที่ดิน -- วิจัย |
| 650 | 0 | 4 | _aที่ดิน -- การบัญชี |
| 850 | _aNALT | ||
| 942 |
_cRSH _2lcc |
||
| 999 |
_c44402 _d44402 |
||
| 998 |
_j109 _k อารีรัตน์ วิชาช่าง |
||